000 00443nam a22001697a 4500
003 OSt
005 20160824115853.0
008 160824b xxu||||| |||| 00| 0 eng d
020 _a9780132142878
040 _cNA
050 _aT58.6
_b.L376 2012
100 _aKenneth C.Laudon
245 _aManagement Information Systems
_bManaging the Digital Firm
250 _a12TH ED
260 _aNew York
_bPrentice Hall
_c20151656
942 _2lcc
_cBK
999 _c255095
_d255094